000 00749nam a2200241Ia 4500
003 OSt
005 20251016091229.0
008 210716s2004 xx 000 0 und d
020 _a8177224816
040 _cAIMIT LIBRARY
041 _aeng
082 _a005.756
_bOPPA
100 _aOppel, Andrew J.
_9242210
245 _aRelational databases:
_bprinciples and fundamentals /
_cBy Andy Oppel.
250 _a1st ed.
260 _aNew Delhi :
_bDreamtech Press ,
_c2004.
300 _axiv,338 p.;
_bPB
_c24.5 cm.
650 _aExploring relational database components
_9242211
650 _aIntroduction to sql
_9242212
650 _aData and process modeling
_9242213
650 _aDatabase security
_9242214
942 _2ddc
_cBK
_k005.756 OPPA
999 _c186913
_d186913